ბათუმის შოთა რუსთაველის სახელმწიფო უნივერსიტეტის ბიბლიოთეკა

ლექსები (ბიბ.ჩანაწერი № 46873)

000 -LEADER
fixed length control field 00472nam a2200181Ia 4500
001 - CONTROL NUMBER
control field 13725
003 - CONTROL NUMBER IDENTIFIER
control field GE_BSU
008 - FIXED-LENGTH DATA ELEMENTS--GENERAL INFORMATION
fixed length control field 181216s||||||||xx |||||||||||||| ||und||
040 ## - CATALOGING SOURCE
Transcribing agency GE_BSU
100 ## - MAIN ENTRY--PERSONAL NAME
Personal name ტაბიძე,გალაქტიონ
245 ## - TITLE STATEMENT
Title ლექსები
245 ## - TITLE STATEMENT
Statement of responsibility, etc. რედ.შ.რადიანი
260 ## - PUBLICATION, DISTRIBUTION, ETC.
Place of publication, distribution, etc. ტფილისი
260 ## - PUBLICATION, DISTRIBUTION, ETC.
Date of publication, distribution, etc. 1937
300 ## - PHYSICAL DESCRIPTION
Extent 83გვ.15სმ.
653 ## - INDEX TERM--UNCONTROLLED
Uncontrolled term ლექსები
942 ## - ADDED ENTRY ELEMENTS (KOHA)
Koha item type წიგნი
ეგზემპლარები
Withdrawn status Lost status Damaged status Not for loan Date acquired Barcode Date last seen Price effective from Koha item type
        2018-12-17 37133 2018-12-17 2018-12-17 წიგნი
        2018-12-17 37134 2018-12-17 2018-12-17 წიგნი
        2018-12-17 37135 2018-12-17 2018-12-17 წიგნი
        2018-12-17 37136 2018-12-17 2018-12-17 წიგნი
        2018-12-17 37137 2018-12-17 2018-12-17 წიგნი
        2018-12-17 37138 2018-12-17 2018-12-17 წიგნი
        2018-12-17 37139 2018-12-17 2018-12-17 წიგნი
        2018-12-17 37140 2018-12-17 2018-12-17 წიგნი